00200nam a2200073Ia 4500008004100000100001400041245004300055260002800098170817s9999 xx 000 0 und d aSingh.R.P 0aShiksha tatha udiyamaan bhartiya samaj bAgarwal Prakashan Agara